[Event "WYb14"]
[Site "Halkidiki GRE"]
[Date "2003.10.26"]
[Round "4"]
[White "Perman,E"]
[Black "Andriasian,Z"]
[Result "1/2-1/2"]
[WhiteElo "2102"]
[BlackElo "2311"]

1.e4 c5 2.Nf3 d6 3.Bb5+ Bd7 4.Bxd7+ Qxd7 5.O-O Nc6 6.c3 Nf6 7.d4 Nxe4 8.d5 Ne5
9.Re1 Nf6 10.Nxe5 dxe5 11.Rxe5 O-O-O 12.c4 e6 13.Nc3 Bd6 14.Re1 exd5 15.Nxd5 Qf5
16.Be3 Nxd5 17.cxd5 Kb8 18.Qa4 Rhe8 19.Rac1 Re4 20.Rc4 Rde8 21.g3 Qxd5 22.Rxe4 Qxe4
23.Qb5 Rc8 24.Rd1 Qc6 25.Qc4 Be5 26.Rd5 Qe6 27.b3 f6 28.Qe4 b6 29.Bf4 Re8
30.Bxe5+ fxe5 31.f4 Qg4 32.Rxe5 Rxe5 33.Qxe5+ Kc8  1/2-1/2

[Event "18th Open"]
[Site "Le Touquet FRA"]
[Date "2003.10.26"]
[Round "1"]
[White "Olivier,Ph"]
[Black "Gurevich,Vl"]
[Result "0-1"]
[WhiteElo "2135"]
[BlackElo "2425"]

1.e4 c5 2.Nf3 d6 3.Bb5+ Bd7 4.Bxd7+ Qxd7 5.c4 Nc6 6.d4 cxd4 7.Nxd4 Nf6 8.Nc3 e6
9.Be3 Be7 10.Qe2 O-O 11.O-O a6 12.Rfd1 Qc7 13.Rac1 Rac8 14.b3 Rfe8 15.h3 Bf8
16.Qd2 Qb8 17.Bg5 Be7 18.a4 h6 19.Bxf6 Bxf6 20.Nde2 Red8 21.Qe3 Kh7 22.Qg3 Qa7
23.Kh1 Qc5 24.f4 Qh5 25.Qg4 Qxg4 26.hxg4 Na5 27.Rb1 Rc6 28.Rd3 Rb6 29.Rbd1 Bxc3
30.Nxc3 Rc8 31.Rxd6 Rxb3 32.R1d3 Rxc4 33.Ne2 Rxd3 34.Rxd3 Rxe4  0-1

[Event "300 Years"]
[Site "St Petersburg RUS"]
[Date "2003.10.26"]
[Round "9"]
[White "Iljin,A"]
[Black "Vorobiov,E"]
[Result "0-1"]
[WhiteElo "2473"]
[BlackElo "2556"]

1.e4 c5 2.Nf3 d6 3.Bb5+ Bd7 4.Bxd7+ Qxd7 5.c4 Nc6 6.Nc3 Nf6 7.d4 cxd4 8.Nxd4 g6
9.O-O Nxd4 10.Qxd4 Bg7 11.Bg5 O-O 12.Qd3 Rac8 13.Rac1 Rfe8 14.b3 Qe6 15.Be3 a6
16.Bd4 Ng4 17.Bxg7 Kxg7 18.f4 Nf6 19.Rce1 Qd7 20.a4 Qc6 21.Kh1 Qc5 22.e5 dxe5
23.fxe5 Ng4 24.Qg3 Nh6 25.Nd5 b5 26.Re4 bxc4 27.bxc4 Red8 28.Rh4 Rxd5 29.cxd5 Nf5
30.Qh3 Nxh4 31.Qxh4 Qxd5 32.Qxe7 Rc2 33.Qg5 Rf2 34.Re1 Re2 35.Qf6+ Kg8 36.Rg1 a5
37.Qf3 Rxe5 38.Rb1 Qe4 39.Rb8+ Kg7 40.Qf1 Qxa4 41.h3 Qe4 42.Kh2 Rf5 43.Qa1+ Qe5+
44.Qxe5+ Rxe5 45.Ra8 h5 46.Kg3 Rg5+ 47.Kh4 Rxg2 48.Rxa5 Rc2 49.Kg3 Rc3+ 50.Kg2 h4
51.Ra4 Rg3+ 52.Kh2 g5 53.Ra6 f6 54.Ra7+ Kg6 55.Ra6 Re3 56.Kg2 Re2+ 57.Kg1 Kf5
58.Kf1 Re6 59.Ra4 Re4 60.Ra6 Ke5 61.Kf2 f5  0-1

[Event "After Holidays GM"]
[Site "Tel Aviv ISR"]
[Date "2003.10.27"]
[Round "8"]
[White "Vydeslaver,Ali"]
[Black "Savchenko,S"]
[Result "1/2-1/2"]
[WhiteElo "2449"]
[BlackElo "2563"]

1.e4 c5 2.Nf3 d6 3.Bb5+ Bd7 4.Bxd7+ Qxd7 5.c4 Nc6 6.O-O Nf6 7.Nc3 g6 8.d4 cxd4
9.Nxd4 Bg7 10.Nde2 O-O 11.f3 e6 12.Bg5 h6 13.Be3 Rfd8 14.Qd2 d5 15.cxd5 exd5
16.Bxh6 dxe4 17.Qg5 Nh7 18.Qh4 exf3 19.Rxf3 Nd4 20.Nxd4 Qxd4+ 21.Qxd4 Bxd4+
22.Kf1 Nf6 23.Re1 Rac8 24.Re7 Bxc3 25.Rxc3 Rxc3 26.bxc3 Rd7 27.Rxd7 Nxd7
28.Ke2 b5 29.Be3 a6 30.Bd4 f5 31.Kd3 Kf7 32.c4 Ke6 33.Kc3  1/2-1/2

[Event "VII Taca BCX"]
[Site "Brasilia BRA"]
[Date "2003.10.28"]
[Round "11"]
[White "Pinto,C"]
[Black "Rocha,T"]
[Result "1-0"]
[WhiteElo "2236"]
[BlackElo "2050"]

1.e4 c5 2.Nf3 d6 3.Bb5+ Bd7 4.Bxd7+ Qxd7 5.O-O Nc6 6.c3 Nf6 7.Re1 e6 8.d4 cxd4
9.cxd4 Be7 10.d5 Ne5 11.dxe6 Nxf3+ 12.Qxf3 fxe6 13.Nc3 O-O 14.Qh3 Rae8 15.Be3 a6
16.Red1 e5 17.Qxd7 Nxd7 18.Nd5 Bd8 19.Rac1 Nf6 20.Nxf6+ Rxf6 21.Rc8 Rfe6
22.Rb8 b5 23.Rc1 Kf7 24.Rc6 a5 25.Rxb5 h6 26.Bd2 Ke7 27.Rb7+ Kf6 28.Ra7 g5
29.Bxa5 Bxa5 30.Rxa5 Rb8 31.b3 g4 32.Rd5 Rb4 33.Rdxd6 Rxd6 34.Rxd6+ Kg5 35.f3 h5
36.Kf2 h4 37.Rd5 Kf6 38.Ke3 g3 39.hxg3 hxg3 40.f4 exf4+ 41.Kxf4  1-0

[Event "Open"]
[Site "Bastia FRA"]
[Date "2003.10.29"]
[Round "3"]
[White "Lobron,E"]
[Black "Hamdouchi,H"]
[Result "1/2-1/2"]
[WhiteElo "2497"]
[BlackElo "2588"]

1.Nf3 c5 2.e4 d6 3.Bb5+ Nd7 4.d4 Nf6 5.Nc3 cxd4 6.Qxd4 e5 7.Qd3 Be7 8.Bg5 O-O
9.Bxd7 Qxd7 10.Rd1 Qg4 11.Bxf6 Bxf6 12.Nd5 Be6 13.O-O Rac8 14.Rfe1 Bxd5 15.Qxd5 Rxc2
16.Qxb7 Qe6 17.Rd5 Bd8 18.Qxa7 f5 19.Rd2 Rxd2 20.Nxd2 fxe4 21.Nxe4 d5 22.Nc5 Qf5
23.Rf1 e4 24.Qa6 Bf6 25.b4 Bc3 26.b5 e3 27.b6 Bd4 28.Nb3 exf2+ 29.Kh1 Bxb6
30.Qxb6 Qd3 31.Qe6+ Kh8 32.Nd2 Qxd2 33.Qd6 Re8 34.g3 Qxa2 35.Kg2 Qc4 36.Rxf2 Qe4+
37.Kh3 h6 38.Rf4 Qd3 39.Qd7 Rg8 40.Rf5 d4 41.Rf4  1/2-1/2

[Event "WYb16"]
[Site "Halkidiki GRE"]
[Date "2003.10.29"]
[Round "7"]
[White "Jones,G"]
[Black "Baramidze,D"]
[Result "0-1"]
[WhiteElo "2364"]
[BlackElo "2463"]

1.e4 c5 2.Nf3 d6 3.Bb5+ Nc6 4.Bxc6+ bxc6 5.O-O e5 6.c3 Nf6 7.d4 exd4 8.cxd4 Nxe4
9.Re1 d5 10.Bg5 f6 11.Nc3 Be7 12.Nxe4 dxe4 13.Rxe4 Bf5 14.Re3 fxg5 15.Qe2 Kf8
16.Ne5 Bf6 17.Qf3 cxd4 18.Ree1 Be6 19.Nxc6 Qd5 20.Rxe6 Qxe6 21.Nxd4 Qe8 22.Ne6+ Qxe6
23.Qxa8+ Qe8 24.Qxa7 h6 25.Qc5+ Kg8 26.Qc2 Kf7 27.Rc1 Qe6 28.Qc7+ Kg6 29.a4 Rd8
30.Qc2+ Qf5 31.Qe2 Qd3 32.Qe1 Bxb2 33.Qe6+ Kh7 34.Rf1 Bc3 35.g3 Rf8  0-1

[Event "WYb14"]
[Site "Halkidiki GRE"]
[Date "2003.10.29"]
[Round "7"]
[White "Khairullin,I"]
[Black "Goh Koon Jong,J"]
[Result "1-0"]
[WhiteElo "2455"]
[BlackElo "2314"]

1.e4 c5 2.Nf3 d6 3.Bb5+ Bd7 4.Bxd7+ Qxd7 5.c4 e5 6.Nc3 g6 7.O-O Bg7 8.Rb1 Nc6
9.a3 Nge7 10.b4 b6 11.d3 O-O 12.bxc5 bxc5 13.Nd5 Nxd5 14.cxd5 Ne7 15.Be3 Rfb8
16.Nd2 Qc7 17.Qc2 Nc8 18.h3 Nb6 19.Rb2 Bf6 20.Rfb1 Bd8 21.a4 Nc8 22.Nc4 Nb6
23.Na3 a6 24.Bd2 Qc8 25.a5 Nd7 26.Nc4 Bc7 27.Qa4 Rxb2 28.Rxb2 Rb8 29.Rxb8 Nxb8
30.Bg5 Kf8 31.f4 Qd7 32.Qa1 Qb5 33.fxe5 dxe5 34.d6 Bxd6 35.Nxd6 Qxd3 36.Bh6+ Kg8
37.Qxe5 Qd4+ 38.Qxd4 cxd4 39.Ne8 Nc6 40.Bd2 Kf8 41.Nc7 Nb8 42.Bb4+ Kg7 43.Kf2 Kf6
44.Ke2 Ke5 45.Kd3 h5 46.g3 f6 47.Bc5 Nc6 48.Nxa6 Nxa5 49.Bxd4+ Ke6 50.Nc7+ Kf7
51.Nd5 f5 52.exf5 gxf5 53.h4 Nc6 54.Nf4 Nd8 55.Nxh5 Ne6 56.Nf4 Nf8 57.Kc4 Kg8
58.Kd5 Kh7 59.Ke5 Kh6 60.Kxf5 Nh7 61.g4  1-0

[Event "WYb14"]
[Site "Halkidiki GRE"]
[Date "2003.10.29"]
[Round "7"]
[White "Hammer,J"]
[Black "Bindrich,F"]
[Result "0-1"]
[WhiteElo "2074"]
[BlackElo "2309"]

1.e4 c5 2.Nf3 d6 3.Bb5+ Bd7 4.Bxd7+ Nxd7 5.O-O Ngf6 6.Re1 e6 7.c3 Be7 8.d4 cxd4
9.cxd4 d5 10.e5 Ne4 11.Nbd2 Nxd2 12.Bxd2 Nb8 13.Qb3 Qd7 14.Bb4 Qb5 15.Bxe7 Qxb3
16.axb3 Kxe7 17.Rec1 Nc6 18.Kf1 Rhc8 19.Ke2 a5 20.Kd3 Ra6 21.Rc3 Rca8 22.Nd2 Rb6
23.Ra4 g5 24.Rc1 g4 25.h3 gxh3 26.g3 Rc8 27.Rh1 Nb4+ 28.Ke3 Rc2 29.Rxa5 Rxb2
30.Rxh3 Nc2+ 31.Kd3 Nxd4 32.Kxd4 Rxd2+ 33.Ke3 Rb2 34.Ra3 R6xb3+ 35.Rxb3 Rxb3+
36.Ke2 Rb4 37.f3 Rb2+ 38.Ke3 Rg2 39.g4 Ra2 40.Rxh7 Ra3+ 41.Ke2 Ra8 42.Rh1 b5
43.Rb1 Rb8 44.Kd3 Kd7 45.Rb4 Kc6 46.Rf4 Rb7 47.Kc3 Kc5 48.Kb3 d4 49.Re4 b4
50.Re1 Ra7 51.Rc1+ Kb5 52.Kb2 Ra3 53.Rd1 Kc4 54.Rf1 Re3 55.f4 Re2+ 56.Kc1 Kc3  0-1

[Event "Open"]
[Site "Bastia FRA"]
[Date "2003.10.30"]
[Round "4"]
[White "Oratovsky,M"]
[Black "Tiviakov,S"]
[Result "1/2-1/2"]
[WhiteElo "2557"]
[BlackElo "2601"]

1.e4 c5 2.Nf3 d6 3.Bb5+ Nc6 4.O-O Bd7 5.Re1 Nf6 6.h3 g6 7.c3 Ne5 8.Bxd7+ Nfxd7
9.d4 Nxf3+ 10.Qxf3 Bg7 11.Be3 O-O 12.dxc5 Nxc5 13.Bxc5 dxc5 14.a4 Qd7 15.Qe2 Rad8
16.Qb5 Qc7 17.Na3 Rd7 18.Nc4 Rfd8 19.g3 Be5 20.Re3 g5 21.Rae1 e6 22.Kg2 h6
23.Rh1  1/2-1/2

[Event "LXVIII ch-ESP Abierto"]
[Site "Burgos ESP"]
[Date "2003.10.30"]
[Round "7"]
[White "Saldana Caballe,E"]
[Black "Lopez Gracia,F"]
[Result "0-1"]
[WhiteElo "2111"]
[BlackElo "2360"]

1.e4 c5 2.Nf3 d6 3.Bb5+ Bd7 4.Bxd7+ Qxd7 5.c4 Nc6 6.d4 cxd4 7.Nxd4 Nf6 8.Nc3 g6
9.O-O Bg7 10.h3 Nxe4 11.Nxe4 Nxd4 12.Rb1 O-O 13.Bg5 Rfe8 14.Re1 Rac8 15.b3 a6
16.Re3 b5 17.cxb5 axb5 18.Rd3 Ne6 19.Be3 Qc6 20.f3 Qc2 21.Rd5 Qxa2 22.Rxb5 Rc2
23.Bd2 Ra8 24.Rc1 Rxc1 25.Qxc1 Nd4 26.Nc3 Qa7 27.Be3 Nxb5 28.Bxa7 Nxc3 29.Qe3 Rxa7
30.Kh2 Ra2 31.h4 Be5+ 32.Kh3 Nd1  0-1

[Event "WYb16"]
[Site "Halkidiki GRE"]
[Date "2003.10.30"]
[Round "8"]
[White "Ponkratov,P"]
[Black "Wojtaszek,R"]
[Result "0-1"]
[WhiteElo "2360"]
[BlackElo "2461"]

1.e4 c5 2.Nf3 d6 3.Bb5+ Nd7 4.c4 Nf6 5.Nc3 g6 6.O-O Bg7 7.d3 O-O 8.h3 a6
9.Ba4 Ne8 10.Rb1 Nc7 11.Be3 Rb8 12.Bxd7 Bxd7 13.Qd2 b5 14.Bh6 e5 15.Bxg7 Kxg7
16.cxb5 axb5 17.b4 f6 18.Rfc1 Ne6 19.Nh2 Nd4 20.f4 cxb4 21.Nd5 Be6 22.Nxb4 Qb6
23.Kh1 exf4 24.Nf3 Nxf3 25.gxf3 Rbc8 26.Qxf4 Rxc1+ 27.Rxc1 Qf2 28.Rc7+ Rf7
29.Rxf7+ Kxf7 30.Nd5 Qe1+ 31.Kg2 Qe2+ 32.Kh1 Qd1+ 33.Kg2 Qc2+ 34.Kg3 Bxd5
35.exd5 Qc5 36.d4 Qxd5 37.h4 b4 38.Qd2 Qc4 39.Qh6 Qxd4 40.Qxh7+ Ke6 41.Qg8+ Ke5
42.Qe8+ Kd5 43.Qb5+ Qc5 44.Qd3+ Ke6 45.Kg2 f5 46.Qd2 Qc3 47.Qh6 Qf6 48.Qe3+ Kd5
49.Qb3+ Kc5 50.a3 Qxh4 51.Qe3+ Kd5 52.Qd3+ Qd4 53.Qb5+ Qc5 54.Qb7+ Kc4 55.axb4 Qxb4
56.Qf7+ d5 57.Qxg6 Qb2+ 58.Kh3 Qe5 59.Qc6+ Kd3 60.Qb5+ Kd2 61.Qa5+ Ke2 62.Qa6+ Ke3
63.Qa7+ Kxf3 64.Qf2+ Kxf2  0-1

[Event "Brooklyn College Match"]
[Site "New York USA"]
[Date "2003.10.30"]
[Round "5"]
[White "Yudasin,L"]
[Black "Kreiman,B"]
[Result "1-0"]
[WhiteElo "2569"]
[BlackElo "2481"]

1.e4 c5 2.Nf3 d6 3.Bb5+ Nd7 4.c3 Nf6 5.Qe2 g6 6.O-O Bg7 7.d4 O-O 8.e5 Ne8
9.e6 fxe6 10.Ng5 Nc7 11.Bc4 Kh8 12.Bxe6 Qe8 13.Bb3 cxd4 14.cxd4 Bxd4 15.Qg4 Bg7
16.Qh4 Nf6 17.Nc3 e6 18.Re1 d5 19.Nxd5 Ncxd5 20.Bxd5 exd5 21.Rxe8 Rxe8 22.Be3 Bf5
23.Bd4 h5 24.Nf7+ Kg8 25.Nd6 Re6 26.Nxf5 gxf5 27.Qg5  1-0

[Event "Open"]
[Site "Bastia FRA"]
[Date "2003.10.31"]
[Round "9"]
[White "Guadalpi,D"]
[Black "Van Wely,L"]
[Result "0-1"]
[WhiteElo "2272"]
[BlackElo "2654"]

1.e4 c5 2.Nf3 d6 3.Bb5+ Nd7 4.d4 Nf6 5.Nc3 a6 6.Bxd7+ Nxd7 7.O-O e6 8.Bg5 Qc7
9.d5 e5 10.a4 b6 11.Nd2 g6 12.Qe2 Bg7 13.Nc4 f6 14.Bd2 O-O 15.f3 f5 16.g4 Nf6
17.h3 Bd7 18.Qg2 b5 19.Ne3 f4 20.Ned1 c4 21.b4 cxb3 22.cxb3 Rfb8 23.Rc1 bxa4
24.bxa4 Qc4 25.Nb5 Qxa4 26.Nxd6 Bf8 27.Nc4 Bc5+ 28.Kh1 Bd4 29.Na5 Rc8 30.Nf2 Qa2
31.Nd3 Bb5 32.Nc6 Bxd3 33.Ne7+ Kh8 34.Nxc8 Bxf1 35.Qxf1 Qxd2 36.d6 Rb8  0-1

[Event "LXVIII ch-ESP Scheveningen"]
[Site "Burgos ESP"]
[Date "2003.10.31"]
[Round "3"]
[White "Fernandez Garcia,Jo"]
[Black "Gomez Esteban,J"]
[Result "1/2-1/2"]
[WhiteElo "2475"]
[BlackElo "2465"]

1.e4 c5 2.Nf3 d6 3.Bb5+ Bd7 4.Bxd7+ Qxd7 5.c4 Nc6 6.Nc3 g6 7.d4 cxd4 8.Nxd4 Bg7
9.Nde2 Nf6 10.f3 O-O 11.O-O Rfc8 12.b3 Qd8 13.Kh1 a6 14.a4 Nd7 15.Rb1 Nc5
16.Nd5 Rab8 17.Bd2 e6 18.Ne3 b5 19.axb5 axb5 20.Bc3 bxc4 21.Bxg7 Kxg7 22.bxc4 Rxb1
23.Qxb1 Rb8 24.Qa1+ Qf6 25.Qd1 Qb2 26.Qxd6 Qxe2 27.Qxc5 Rb3 28.Qxc6 Rxe3
29.Rg1  1/2-1/2

[Event "WYg16"]
[Site "Halkidiki GRE"]
[Date "2003.11.01"]
[Round "10"]
[White "Tilenbaeva,J"]
[Black "Schoene,Mar"]
[Result "1/2-1/2"]
[WhiteElo "2099"]
[BlackElo "2035"]

1.e4 c5 2.Nf3 d6 3.Bb5+ Bd7 4.Bxd7+ Qxd7 5.c4 e5 6.O-O Nc6 7.a3 g6 8.d3 Bg7
9.Bd2 Nge7 10.b4 b6 11.Nc3 O-O 12.Nd5 Nxd5 13.cxd5 Ne7 14.bxc5 bxc5 15.Rb1 Rab8
16.Qc2 Qc7 17.a4 h6 18.a5 a6 19.Qc4 Qa7 20.Bc3 Kh7 21.Nd2 f5 22.f3 Bf6 23.g3 Ng8
24.Kg2 Bg7 25.Qa4 Ne7 26.Nc4 Rxb1 27.Rxb1 Rb8 28.Rxb8 Qxb8 29.Nb6 fxe4 30.dxe4 h5
31.Bd2 Ng8 32.Bg5 Nf6 33.Qc6 Kg8 34.Bxf6 Bxf6 35.Nd7 Qb2+ 36.Kh3 Be7 37.Qxa6 Qf2
38.Qc4 Kg7 39.f4 exf4 40.Qc3+ Kh7 41.Nf6+ Bxf6 42.Qxf6 f3 43.Qf7+ Kh6 44.Qf8+ Kh7
45.Qf7+ Kh6 46.Qf4+ g5 47.Qxd6+ Kh7 48.Qe7+ Kg6 49.Qe8+ Kh6 50.Qf8+ Kg6 51.Qf5+ Kh6
52.Qf6+ Kh7  1/2-1/2

[Event "TCh-BEL 2003-4"]
[Site "Belgium BEL"]
[Date "2003.11.02"]
[Round "3"]
[White "Goossens,E"]
[Black "Vermeulen,B"]
[Result "1-0"]
[WhiteElo "2234"]
[BlackElo "2235"]

1.e4 c5 2.Nf3 d6 3.Bb5+ Bd7 4.Bxd7+ Qxd7 5.c4 Nf6 6.Nc3 g6 7.d4 cxd4 8.Nxd4 Bg7
9.f3 O-O 10.O-O Nc6 11.Nde2 Rac8 12.b3 Rfd8 13.Bg5 Qe8 14.Qd2 Qf8 15.Rad1 Ne8
16.Rc1 Bf6 17.Bh6 Bg7 18.Bg5 Bf6 19.Bh6 Bg7 20.Be3 b6 21.Nb5 Nc7 22.Ned4 Nxb5
23.Nxc6 Rxc6 24.cxb5 Rcc8 25.Rc6 Rxc6 26.bxc6 Rc8 27.Rc1 Qe8 28.Qd5 Rc7 29.b4 Bf8
30.b5 e6 31.Qd2 Qd8 32.Rd1 Qf6 33.Qd4 Qxd4 34.Bxd4 Be7 35.Bc3 Rc8 36.Bb4 Rd8
37.e5  1-0

[Event "2nd Milk Tournament"]
[Site "Selfoss ISL"]
[Date "2003.11.02"]
[Round "4"]
[White "Bologan,V"]
[Black "Rowson,J"]
[Result "1/2-1/2"]
[WhiteElo "2673"]
[BlackElo "2541"]

1.e4 c5 2.Nf3 d6 3.Bb5+ Nd7 4.O-O Nf6 5.Re1 a6 6.Bf1 b6 7.d4 cxd4 8.Nxd4 Bb7
9.f3 g6 10.c4 Bg7 11.Nc3 Rc8 12.a4 Ne5 13.b3 O-O 14.Be3 e6 15.Rc1 Re8 16.h3 Qc7
17.Qd2 Qb8 18.Red1 Rcd8 19.Bg5 Ned7 20.Nde2 d5 21.exd5 exd5 22.cxd5 Nc5 23.Rb1 Rd7
24.Bf4 Qa8 25.d6 Ne6 26.Bh2 Bf8 27.Qe3 Qd8 28.Qd2 Ng7 29.Nd4 Bxd6 30.Bxd6 Rxd6
31.Qf2 Re7 32.Nc2 Red7 33.Rxd6 Rxd6 34.Re1 Rd2 35.Re2 Rd3 36.Re3 Rd2 37.Re2 Rd3
38.Re3  1/2-1/2

[Event "ch-UKR w"]
[Site "Nikolaev UKR"]
[Date "2003.11.05"]
[Round "2"]
[White "Moskalets,S"]
[Black "Chumak,N"]
[Result "1-0"]
[WhiteElo "2146"]
[BlackElo "1935"]

1.e4 c5 2.Nf3 d6 3.Bb5+ Bd7 4.Bxd7+ Qxd7 5.c4 Nc6 6.Nc3 Nf6 7.d4 cxd4 8.Nxd4 Qg4
9.Qxg4 Nxg4 10.Nxc6 bxc6 11.O-O g6 12.b3 Bg7 13.Bb2 O-O 14.Rac1 Rfd8 15.Rfd1 c5
16.Rc2 Ne5 17.Nd5 Nc6 18.Bxg7 Kxg7 19.f4 Rd7 20.Rf2 e6 21.Ne3 f5 22.exf5 exf5
23.Nc2 Rad8 24.Rfd2 Kf7 25.Kf2 Ke6 26.Ne3 Kf7 27.h3 Ke6 28.Re1 Kf7 29.g4 fxg4
30.hxg4 Re7 31.Rh1 Kg7 32.Nd5 Re4 33.Rxh7+ Kxh7 34.Nf6+ Kg7 35.Nxe4 Nd4 36.b4 Ne6
37.bxc5 dxc5 38.Rxd8 Nxd8 39.Nxc5 Kf6 40.Ke3 Nc6 41.Nd7+ Ke6 42.Ne5 Ne7 43.Nxg6 Nxg6
44.f5+  1-0

[Event "ch-UKR"]
[Site "Simferopol UKR"]
[Date "2003.11.05"]
[Round "2"]
[White "Zavgorodniy,S"]
[Black "Mihalichenko,B"]
[Result "1-0"]
[WhiteElo "2418"]
[BlackElo "2265"]

1.e4 c5 2.Nf3 d6 3.Bb5+ Nd7 4.d4 Nf6 5.O-O a6 6.Bxd7+ Nxd7 7.Nc3 e6 8.dxc5 Nxc5
9.Be3 Be7 10.e5 d5 11.Nd4 O-O 12.Re1 Qc7 13.Qh5 g6 14.Qh6 Re8 15.Bg5 Bf8
16.Qh4 b5 17.a3 Bb7 18.Re3 Ne4 19.Nxe4 dxe4 20.Rh3 h5 21.Bf6 Bh6 22.c3 Red8
23.Bxd8 Rxd8 24.Re1 Bg7 25.f4 exf3 26.Nxf3 Rd3 27.Qf4 Qc5+ 28.Kf1 Bd5 29.Ng5 Bc4
30.Qxf7+ Kh8 31.Qe8+ Bf8 32.Rxh5+  1-0

[Event "1st Chesspangenberg Open"]
[Site "Buenos Aires ARG"]
[Date "2003.11.07"]
[Round "4"]
[White "Bronstein,L"]
[Black "Aguilar,M"]
[Result "1-0"]
[WhiteElo "2331"]
[BlackElo "2140"]

1.e4 c5 2.Nf3 d6 3.Bb5+ Bd7 4.Bxd7+ Qxd7 5.c4 Nf6 6.Nc3 Nc6 7.d4 cxd4 8.Nxd4 Qg4
9.O-O Qxd1 10.Rxd1 Nxd4 11.Rxd4 Rc8 12.b3 g6 13.Bb2 Bg7 14.Rd2 O-O 15.Re1 Rfd8
16.f3 h5 17.Kf2 Kf8 18.Nd5 Nxd5 19.Bxg7+ Kxg7 20.exd5 Rd7 21.h4 a6 22.Rde2 Rcc7
23.a4 f6 24.a5 Kf7 25.Ra1 Rc5 26.Re4 Rc8 27.Ke3 Rb8 28.Kd4 b5 29.axb6 Rxb6
30.Re3 Rdb7 31.Ra3 Ke8 32.Kc3 Kd7 33.Re2 Rb8 34.Rb2 e6 35.dxe6+ Kxe6 36.Ra5 Kd7
37.b4 Re8 38.Rba2 Re3+ 39.Kd4 Rb3 40.Rxa6 R6xb4 41.Ra7+ Rb7 42.Kd5 Rd3+ 43.Ke4 Rb3
44.Rxb7+ Rxb7 45.Kd5 Rc7 46.Ra5 Ke7 47.g4 hxg4 48.fxg4 Kf7 49.h5 gxh5 50.gxh5 f5
51.Ra6 Ke7 52.h6 Rc5+ 53.Kd4 f4 54.h7 Rc8 55.Ke4 Rf8 56.Ra3 Kd7 57.Rh3 Rh8
58.Kxf4 Kc6 59.Kf5 Kb6 60.Kg6  1-0

[Event "2nd Milk Tournament"]
[Site "Selfoss ISL"]
[Date "2003.11.07"]
[Round "9"]
[White "Stefansson,H"]
[Black "De Firmian,N"]
[Result "1/2-1/2"]
[WhiteElo "2567"]
[BlackElo "2553"]

1.e4 c5 2.Nf3 d6 3.Bb5+ Bd7 4.Bxd7+ Nxd7 5.O-O Ngf6 6.Re1 e6 7.c4 Be7 8.Nc3 O-O
9.d4 cxd4 10.Nxd4 a6 11.b3 Qc7 12.Bb2 Rac8 13.Rc1 Rfe8 14.Rc2 Bf8 15.Rd2 Red8  1/2-1/2

[Event "ch-UKR"]
[Site "Simferopol UKR"]
[Date "2003.11.07"]
[Round "4"]
[White "Andreev,Ed"]
[Black "Averjanov,A"]
[Result "1/2-1/2"]
[WhiteElo "2473"]
[BlackElo "2398"]

1.e4 c5 2.Nf3 d6 3.Bb5+ Bd7 4.Bxd7+ Qxd7 5.O-O Nc6 6.c3 Nf6 7.d4 Nxe4 8.d5 Ne5
9.Re1 Nxf3+ 10.Qxf3 Nf6 11.c4 e5 12.dxe6 fxe6 13.Bg5 Be7 14.Nc3 O-O 15.Qh3 h6
16.Qxe6+ Qxe6 17.Rxe6 Rae8 18.Bh4 Kf7 19.Rae1 Bd8 20.Rxe8 Rxe8 21.Rd1 Be7
22.Kf1  1/2-1/2

[Event "ch-UKR"]
[Site "Simferopol UKR"]
[Date "2003.11.07"]
[Round "4"]
[White "Maximov,D"]
[Black "Kovchan,A"]
[Result "1-0"]
[WhiteElo "2438"]
[BlackElo "2561"]

1.e4 c5 2.Nf3 d6 3.Bb5+ Nc6 4.O-O Bd7 5.Re1 Nf6 6.h3 Ne5 7.a4 a6 8.Bxd7+ Nfxd7
9.Nxe5 Nxe5 10.d4 cxd4 11.Qxd4 Nc6 12.Qc3 Rc8 13.Na3 Ne5 14.Qb3 Qc7 15.Bf4 e6
16.Re3 Be7 17.Rc3 Nc6 18.Rd1 O-O 19.Nc4 Rfd8 20.Be3 Qb8 21.Bb6 Rd7 22.Rcd3 Re8
23.c3 h6 24.R1d2 d5 25.exd5 exd5 26.Ne3 Bf6 27.Rxd5 Rxd5 28.Qxd5 Qf4 29.Qd7 Re7
30.Qc8+ Kh7 31.Bc5 Rc7 32.Qg4 Qxg4 33.Nxg4 Bg5 34.Rd1 f5 35.Ne3 Bxe3 36.Bxe3 Rf7
37.f4 Na5 38.Rd4 Rc7 39.Kf2 Nc4 40.Bc1 b5 41.axb5 axb5 42.Rd5 b4 43.cxb4 Nxb2
44.Be3 Rc2+ 45.Kg1 Nc4 46.Bd4 Rc1+ 47.Kf2 Rc2+ 48.Kg3 Nd2 49.Rxf5 Nf1+ 50.Kf3 Nd2+
51.Ke3 Nb3 52.g4 Rh2 53.Ke4 Rxh3 54.Be3 Rg3 55.b5 Na5 56.g5 Nc4 57.Bc5 Rb3
58.Kd4 Nb2 59.Be7 Rd3+ 60.Ke4 Rb3 61.Kd4 Rd3+ 62.Kc5 h5 63.Rd5 h4 64.g6+ Kxg6
65.Bxh4 Rb3 66.Kc6 Nd3 67.f5+ Kf7 68.Kb7 Nb4 69.Rd7+ Kf8 70.b6  1-0

[Event "7th BayEM"]
[Site "Bad Wiessee GER"]
[Date "2003.11.08"]
[Round "1"]
[White "Mainka,R"]
[Black "Hoffmann,Uw1"]
[Result "1-0"]
[WhiteElo "2459"]
[BlackElo "2044"]

1.e4 c5 2.Nf3 d6 3.Bb5+ Bd7 4.Bxd7+ Nxd7 5.O-O Ngf6 6.Qe2 e6 7.b3 Be7 8.Bb2 O-O
9.c4 Qc7 10.d4 cxd4 11.Nxd4 Rac8 12.Nc3 Rfd8 13.Rad1 Bf8 14.f4 a6 15.Kh1 Re8
16.Nf3 e5 17.fxe5 Nxe5 18.Nxe5 dxe5 19.Rxf6 gxf6 20.Nd5 Qc6 21.Rd3 Bg7 22.Rg3 Kh8
23.Rh3 f5 24.exf5 Rcd8 25.f6 Bxf6 26.Qh5 Kg8 27.Qxh7+ Kf8 28.Ba3+  1-0

[Event "1st GM"]
[Site "Nagykanizsa HUN"]
[Date "2003.11.08"]
[Round "4"]
[White "Vajda,Al1"]
[Black "Nevednichy,V"]
[Result "0-1"]
[WhiteElo "2477"]
[BlackElo "2575"]

1.e4 c5 2.Nf3 d6 3.Bb5+ Nd7 4.Nc3 Nf6 5.d4 cxd4 6.Qxd4 e5 7.Qd3 h6 8.Nd2 a6
9.Bxd7+ Bxd7 10.Nc4 Be6 11.Ne3 Rc8 12.O-O Be7 13.a4 O-O 14.b3 Qa5 15.Bd2 Qb6
16.Ne2 Qc6 17.Ng3 d5 18.exd5 Nxd5 19.Nxd5 Bxd5 20.Nf5 Bf6 21.Qg3 Kh7 22.Bb4 Rfd8
23.Rad1 Qxc2 24.Nd6 Qxb3 25.Nxc8 Qxb4 26.Qe3 Bxg2 27.Rxd8 Bxf1 28.Qd2 Qh4
29.Rf8 Bh3 30.Qc2+  0-1

[Event "Ralston IM"]
[Site "San Francisco USA"]
[Date "2003.11.08"]
[Round "10"]
[White "Mezentsev,V"]
[Black "Lobo,Ri"]
[Result "1/2-1/2"]
[WhiteElo "2423"]
[BlackElo "2302"]

1.e4 c5 2.Nf3 d6 3.Bb5+ Bd7 4.Bxd7+ Qxd7 5.O-O Nc6 6.c3 Nf6 7.d4 Nxe4 8.d5 Ne5
9.Nxe5 dxe5 10.Re1 Nf6 11.Rxe5 e6 12.c4 Bd6 13.Re1 O-O-O 14.Nc3 exd5 15.cxd5 Rde8
16.Rxe8+ Rxe8 17.Bg5 Be5 18.Bxf6 Bxf6 19.Qd3 h5 20.Rd1 Kb8 21.h3 a6 22.Qf3 h4
23.b3 Ka7 24.d6 Bd4 25.Qd5 Re5 26.Rxd4 Re1+ 27.Kh2 cxd4 28.Qxd4+ Kb8 29.Ne4 Rxe4
30.Qxe4 Qxd6+ 31.f4 Qf6 32.a4 a5 33.Qc4 g6 34.Kg1 Qe7 35.Kf2 b6 36.Kf3 f5
37.Qg8+ Kc7 38.Qxg6 Qe4+  1/2-1/2

[Event "ch-UKR"]
[Site "Simferopol UKR"]
[Date "2003.11.08"]
[Round "5"]
[White "Nazarevich,V"]
[Black "Alexikov,A"]
[Result "0-1"]
[WhiteElo "2345"]
[BlackElo "2383"]

1.e4 c5 2.Nf3 d6 3.Bb5+ Nd7 4.d4 cxd4 5.Qxd4 a6 6.Bxd7+ Bxd7 7.Nc3 e6 8.Bg5 Qc7
9.O-O-O Rc8 10.Rd2 h6 11.Bh4 Qc5 12.Qxc5 Rxc5 13.Bg3 e5 14.Ne1 Nf6 15.f3 Be7
16.Kb1 b5 17.Nd3 Rc4 18.Nd1 a5 19.Ne3 Rc6 20.b3 Be6 21.c4 bxc4 22.Rc2 O-O
23.Nxc4 a4 24.Rhc1 axb3 25.axb3 Rb8 26.Rb2 Ra6 27.b4 Rba8 28.Na5 d5 29.Nc5 Bxc5
30.Rxc5 dxe4 31.Rxe5 exf3 32.gxf3 Nd5 33.Be1 f6 34.Ree2 Nf4 35.Re3 Kf7 36.Ra3 Bf5+
37.Ka1 Nd3 38.Re2 Rb8 39.Ra4 Rab6 40.Bg3 Rxb4 41.Bxb8 Rxa4+ 42.Ra2 Rxa2+
43.Kxa2 Be6+ 44.Kb1 Bd5  0-1

[Event "7th BayEM"]
[Site "Bad Wiessee GER"]
[Date "2003.11.10"]
[Round "3"]
[White "Rozentalis,E"]
[Black "Koscielski,J"]
[Result "1-0"]
[WhiteElo "2633"]
[BlackElo "2312"]

1.e4 c5 2.Nf3 d6 3.Bb5+ Nd7 4.O-O Nf6 5.Re1 a6 6.Bf1 b6 7.c4 Bb7 8.Nc3 Ne5
9.Nxe5 dxe5 10.d3 e6 11.Qf3 Bd6 12.a3 O-O 13.Rb1 Nd7 14.b4 f5 15.Qh3 Kh8
16.exf5 exf5 17.Be2 e4 18.dxe4 fxe4 19.Be3 Qc7 20.Red1 Nf6 21.bxc5 Bxc5 22.Na4 Bc8
23.Qg3 Qxg3 24.hxg3 Bxe3 25.fxe3 Bg4 26.Bxg4 Nxg4 27.Nxb6 Nxe3 28.Re1 Nc2
29.Nxa8 Nxe1 30.Rxe1 Rxa8 31.Rxe4 Kg8 32.Kf2 Kf7 33.Ke3 Rb8 34.Kd4 Rb2 35.c5 Rxg2
36.c6 Rc2 37.Kd5 h5 38.Re3 g5 39.Kd6 h4 40.gxh4 gxh4 41.c7 Rd2+ 42.Kc6 Rc2+
43.Kb7 Rb2+ 44.Kxa6 Rc2 45.Kb7 Rb2+ 46.Kc8 Kf6 47.Rd3 Ke7 48.Rh3 Ra2 49.Rxh4 Rxa3
50.Rb4  1-0

[Event "ch-UKR"]
[Site "Simferopol UKR"]
[Date "2003.11.10"]
[Round "7"]
[White "Rogovski,V"]
[Black "Karjakin,Sergey"]
[Result "1/2-1/2"]
[WhiteElo "2474"]
[BlackElo "2562"]

1.e4 c5 2.Nf3 d6 3.Bb5+ Bd7 4.Bxd7+ Qxd7 5.O-O Nf6 6.Re1 Nc6 7.b3 g6 8.c3 Bg7
9.d4 cxd4 10.cxd4 d5 11.e5 Ne4 12.Nbd2 Nxd2 13.Bxd2 O-O 14.Rc1 Rfc8 15.Qe2 Nd8
16.h3 Ne6 17.Be3 f6 18.exf6 exf6 19.Qd2 Bf8 20.Nh2 Bd6 21.Ng4 Kf7 22.Bh6 Rxc1
23.Rxc1 f5 24.Ne3 Nc7 25.Nf1 Ne6 26.Ne3 Bc7 27.Qd3 Bb6 28.Nc2 Re8 29.g3 Qd8
30.h4 Qf6 31.Qf3 Rd8 32.Rd1 Rd7 33.Qe3 Re7 34.Qe5 Qxe5 35.dxe5 d4 36.Nb4 Rc7
37.Nd5 Rc2 38.Rd2 Rc5 39.Nxb6 axb6 40.f4 Ke7 41.Kf2 Rc3 42.Bg5+ Kd7 43.Bf6 h6
44.Kg2 Kc6 45.Be7 Kd5 46.Ba3 b5 47.Kf2 Ke4 48.Re2+ Kd5 49.Bb4 Rc1 50.Rd2 g5
51.g4 Nxf4 52.hxg5 hxg5 53.gxf5 Kxe5 54.f6 Kxf6 55.Rxd4 Rc2+ 56.Kf3 Rxa2
57.Rd7 b6 58.Bc3+ Ke6 59.Rg7 Nh3 60.Rb7 Ng1+ 61.Ke4 Re2+ 62.Kd3 Kf5 63.Rxb6 Re8  1/2-1/2

[Event "15th Open"]
[Site "Leuven BEL"]
[Date "2003.11.11"]
[Round "8"]
[White "Antonio,R"]
[Black "Golubev,M"]
[Result "1/2-1/2"]
[WhiteElo "2521"]
[BlackElo "2536"]

1.e4 c5 2.Nf3 d6 3.Bb5+ Bd7 4.Bxd7+ Qxd7 5.c4 Nc6 6.Nc3 g6 7.d4 cxd4 8.Nxd4 Bg7
9.Nde2 Nf6 10.O-O O-O 11.f3 a6 12.a4 Rfc8 13.Be3 Qd8 14.b3 Nd7 15.Rb1 Qa5
16.Qd2 Rab8 17.Rfd1 Qd8 18.Kh1 Qf8 19.Qe1 Qe8 20.Qd2 Qf8 21.Qe1 Qd8  1/2-1/2